| 000 | 01372 a2200265 4500 | ||
|---|---|---|---|
| 003 | Nust | ||
| 005 | 20221222123935.0 | ||
| 010 | _a 92032219 | ||
| 020 | _a0201525658 | ||
| 040 | _cNust | ||
| 082 | 0 | 0 | _a372.7,BIL |
| 100 | 1 |
_aBillstein, Rick. _9105661 |
|
| 245 | 1 | 2 |
_aA problem solving approach to mathematics for elementary school teachers / _cRick Billstein, Shlomo Libeskind, Johnny W. Lott. |
| 250 | _a5th ed. | ||
| 260 |
_aReading, Mass. : _bAddison-Wesley, _cc1993. |
||
| 300 |
_axxii, 905 p. : _bill. (some col.) ; _c27 cm. |
||
| 505 | _aTools and Problems Solving (Page-1), Sets, Functions, and Logic (Page-49), Numeration System (Page-103), The Integers (Page-173), Number Theory (Page-219), Rational Number (Page-265), Decimals (Page-327), Probability (Page-383), Statistics (Page-437), ntroductory Geomatery (Page-497), Costructios (Page-569), Motio Geometry (Page-625), Cocepts of Measurement (Page-685), Coordiate Geo (Page-763), Appedix:1 (Page-815), Appedix.2 (Page-833), Answers to Selected Pro (Page-857), Index (Page-897). | ||
| 650 | 0 |
_aMathematics _xStudy and teaching (Elementary) _9102188 |
|
| 650 | 0 | _aProblem solving. | |
| 700 | 1 |
_aBillstein, Rick. _9105661 |
|
| 700 | 1 |
_aLibeskind, Shlomo. _9105662 |
|
| 700 | 1 |
_aLott, Johnny W., _d1944- _9105663 |
|
| 740 | 0 | _aMathematics for elementary school teachers. | |
| 942 |
_cREF _2ddc _k372.7,BIL |
||
| 999 |
_c175271 _d175271 |
||